| 000 | 00386nam a2200133Ia 4500 | ||
|---|---|---|---|
| 008 | 220204s9999 xx 000 0 und d | ||
| 082 |
_a581.2:579.887 _bMAR |
||
| 100 | _aMARAMOROSCH, Karl | ||
| 245 | 0 | _aMycoplasma diseases of crops: Basic and applied aspects | |
| 260 |
_aNew York _bSpringer Verlag _c1988 |
||
| 650 | _aMycoplasma disease | ||
| 700 | _aRAYCHAUDHURI, S P | ||
| 942 | _cBK | ||
| 999 |
_c40020 _d40020 |
||